L'homme et son avenir
में बचाया:
| मुख्य लेखक: | |
|---|---|
| स्वरूप: | पुस्तक |
| भाषा: | Undetermined |
| प्रकाशित: |
Paris
Robert Laffont
1963
|
| विषय: | |
| टैग : |
टैग जोड़ें
कोई टैग नहीं, इस रिकॉर्ड को टैग करने वाले पहले व्यक्ति बनें!
|
| Thư viện lưu trữ: | Trung tâm Học liệu Trường Đại học Cần Thơ |
|---|
| LEADER | 00438nam a2200169Ia 4500 | ||
|---|---|---|---|
| 001 | CTU_78469 | ||
| 008 | 210402s9999 xx 000 0 und d | ||
| 082 | |a 338.4 | ||
| 082 | |b M354 | ||
| 100 | |a Marois, Maurice | ||
| 245 | 0 | |a L'homme et son avenir | |
| 245 | 0 | |c Maurice Marois | |
| 260 | |a Paris | ||
| 260 | |b Robert Laffont | ||
| 260 | |c 1963 | ||
| 650 | |a Technology transfer | ||
| 980 | |a Trung tâm Học liệu Trường Đại học Cần Thơ | ||